000 00624nam a2200193Ia 4500
001 1176
003 GE_BSU
008 181216s||||||||xx |||||||||||||| ||und||
040 _cGE_BSU
080 _a631.3
100 _aგეგელიძე,გ; შაფაქიძე,ე; თედორაძე,ო;
245 _aსასოფლო-სამეურნეო მანქანები
260 _aთბილისი
260 _c2002
300 _a138 გვ. 28 სმ.
541 _h8 ლ.
653 _aსასოფლო-სამეურნეო მანქანები;
942 _cBK
999 _c35325
_d35325